Associez chaque Link à son jeu Zelda - Statistiques

Statistiques générales
  • Ce quiz a été pris 103 fois
  • Le résultat moyen est 12 sur 16
Statistiques - réponses
Par images Réponse % Correct
Breath of the Wild
96%
Tears of the Kingdom
96%
Ocarina of Time
94%
Skyward Sword
94%
Twilight Princess
94%
The Wind Waker
89%
The Legend of Zelda
71%
A Link to the Past
70%
Spirit Tracks
70%
Hyrule Warriors
68%
Minish Cap
68%
Link's Awakening
65%
A Link between Worlds
60%
The Adventure of Link
60%
Oracle of Seasons / Ages
37%
Triforce Heroes
37%
Aucun quiz correspondant
Distribution des résultats
% des personnes avec chaque résultat
Percentile par nombre de réponses
Votre historique - résultats
Vous n’avez pas pris ce quiz